000 01201nam0a22002651 4500
001 rc\376120
005 20030307123926.6
035 _a(NLR Aleph) 005608014
090 _a6383172
_c6383172
100 _a20030307d1989 u |0rusy50 ca
101 0 _arus
102 _aRU
105 _aa |||||||||
200 1 _aСтроительная теплофизика ограждающих конструкций зданий
_e[Учеб. пособие для спец. "Архитектура"]
_fА.Н. Могилат, Г.Л. Волик, О.И. Юрин
_gМ-во высш. и сред. спец. образования УССР, Учеб.-метод. каб. по высш. образованию, Полтав. инж.-строит. ин-т
210 _aКиев
_cУМКВО
_d1989
215 _a90 с.
_cил.
_d20
320 _aБиблиогр.: с. 88-89 (28 назв.)
700 1 _aМогилат
_bА. Н.
_gАлександр Никонович
701 1 _aВолик
_bГ. Л.
_gГригорий Леонтьевич
701 1 _aЮрин
_bО. И.
_gОлег Иванович
801 0 _aRU
_bNLR
_gpsbo
801 1 _aRU
_bELAR
_2rusmarc
852 _aNLR
_j89-4/19181
942 _cBOOK
980 _aNB